Ancient Egyptian art /

محفوظ في:

المؤلف الرئيسي: Cartocci, Alice (مؤلف)

التنسيق: كتاب

اللغة: English
Italian

منشور في: Cairo, Egypt ; New York, NY : American University in Cairo Press, 2010.

سلاسل: Visual encyclopedia.

الموضوعات:

الوسوم: إضافة وسم

لا توجد وسوم, كن أول من يضع وسما على هذه التسجيلة!

رقم الطلب: N5350 .C38 2010

LEADER 01188namaa2200301 4500
001 25165
003 OSt
005 20250820090255.0
008 130303s2010 ua ab 000 0 eng d
020 |a 9774163230 
020 |a 9789774163234 
040 |c ARCE Library 
041 1 |a eng  |h ita 
043 |a f-ua--- 
050 4 |a N5350 .C38 2010 
100 1 |a Cartocci, Alice,  |e author  |9 27775 
240 1 0 |a Arte egizia.  |l English 
245 1 0 |a Ancient Egyptian art /   |c Alice Cartocci. 
264 1 |a Cairo, Egypt ;   |a New York, NY :   |b American University in Cairo Press,   |c 2010. 
300 |a 345 pages :   |b chiefly color illustrations, color map ;   |c 25 cm. 
490 0 |a Visual encyclopedia. 
500 |a translation of : Arte egizia. 
505 0 |a The prehistoric and predynastic periods -- Where to find Egyptian art -- Old Kingdom -- Famous figures -- Middle Kingdom -- New Kingdom and the Amarna Period -- Treasure of Tutankhamun's Tomb -- Late Period -- Egyptian jewelry -- Ptolemaic Egypt -- Great archaeological discoveries. 
650 0 |a Art, Ancient  |z Egypt  |v Pictorial works. 
650 0 |a Art, Egyptian  |v Pictorial works. 
901 |a reviewed 
942 |c BK  |2 lcc 
999 |c 21125  |d 21125